The Beatles' Vocabulary Quiz Stats

 Plays Quiz Updated Aug 3, 2018

Challenge
Share
Tweet
Embed
Score 0/20 Timer 05:00
23 Plays Today
% Correct
Barber
95.6%
Kaleidoscope
95.4%
Log
95.1%
Aboard
94.8%
Hobnail
94.2%
Pretend
94.1%
Haze
94.1%
Invitation
94.1%
Wisdom
93.7%
Complaining
93.3%
% Correct
Clinging
93.3%
Refrain
92.9%
Quizzical
92.8%
Meander
92.4%
Prospects
91.7%
Dancer
91.2%
Darning
90.8%
Soothing
90.4%
Leisure
88.4%
Shadow
87.3%

You're not logged in!

Compare scores with friends on all Sporcle quizzes.
Join for Free
OR
Log In

You Might Also Like...

Show Comments

Extras

Top Quizzes Today


Score Distribution

Your Account Isn't Verified!

In order to create a playlist on Sporcle, you need to verify the email address you used during registration. Go to your Sporcle Settings to finish the process.

Report this User

Report this user for behavior that violates our Community Guidelines.

Details: